000 00663nam a2200241Ia 4500
003 OSt
005 20220918205340.0
006 a|||||r|||| 00| 0
007 ta
008 220917b |||||||| |||| 00| 0 eng d
024 _a116,236
037 _cTextual
040 _aARTS
_cARTS
_beng
041 _2eng
_aeng
082 _aV63:10Y17:N5, K13
100 _aReeves Ambrose
_9114848
245 0 _aShooting at Sharpeville
_b the agony of South Africa
260 _aBoston
_bHoughton Mifflin Co
_c1963
300 _a141p
_ccm.
650 _aHISTORY
942 _hV63:10Y17:N5, K13
_cTEXL
_2CC
999 _c239564
_d239564